000 00932nam a2200265Ia 4500
003 OSt
005 20221005104911.0
006 a|||||r|||| 00| 0
007 ta
008 221004b |||||||| |||| 00| 0 hin d
024 _a32285
037 _cTextual
040 _aCRL
_cCRL
_bhin
041 _2hin
_ahin
082 _aO152,1N01:g, N0
100 _aपालीवाल, कृष्णदत्त
245 0 _aसुमित्रानन्दन पन्त
246 _aSumitrānandan panta
260 _aदिल्ली
_bसाहित्य अकादमी भारत
_c1990
300 _a107पृ0
_ccm.
490 _aभारतीय साहित्य के निर्माता
650 _aहिन्दी साहित्य
942 _hO152,1N01:g, N0
_cTEXL
_2cc
999 _c1014127
_d1014127